00538nam a2200169Ia 450000500170000000800460001703700140006304000210007704100130009808400260011124500910013724500280022825000060025626000820026249000080034454600160035220250508164323.0008 250505s9999 xx 000 0 eng d aReference aFEDL bengcFEDL aeng2eng a370.954, NCE/RRqFEDL 0aEducation and national development: Report of the education commission 1964-66, 4 Vol. 0cNCERT (New Delhi India) a3 aNew Delhi, IndiabNational Council of Educational Research and Trainingc1970 vV1. aPhotocopies